EU-35: dojde k rozšíření na Balkán?

Aktivity Európskej únie na Balkáne. Vzájomné zbližovanie a posilnenie nádeje na prijatie do Európskej únie. Integrácia čiernomorskej oblasti (Rumunsko a Bulharsko). Otázka krajín jadranskej oblasti (Chorvátsko, Macedónsko, Čierna Hora, Srbsko, Bosna a Hercegovina). Podpora členských krajín Európskej...

Full description

Saved in:
Bibliographic Details
Main Author: Tesař, Filip
Format: Book Chapter
Language:Czech
Subjects:
Tags: Add Tag
No Tags, Be the first to tag this record!

MARC

LEADER 00000naa$a2200000$$$4500
001 0052208
005 20231016092448.6
041 0 |a cze 
044 |a CZ 
245 1 0 |a EU-35: dojde k rozšíření na Balkán?  |c Filip Tesař 
520 |a Aktivity Európskej únie na Balkáne. Vzájomné zbližovanie a posilnenie nádeje na prijatie do Európskej únie. Integrácia čiernomorskej oblasti (Rumunsko a Bulharsko). Otázka krajín jadranskej oblasti (Chorvátsko, Macedónsko, Čierna Hora, Srbsko, Bosna a Hercegovina). Podpora členských krajín Európskej únie. 
610 2 0 |a Európska únia 
610 2 0 |a spolupráca hospodárska medzinárodná 
610 2 0 |a ochrana ľudských práv 
610 2 0 |a demokracia 
610 2 0 |a integrácia 
610 2 0 |a euroregióny 
610 2 0 |a Balkán 
100 1 |a Tesař, Filip